000 00209nam a2200097Ia 4500
005 20251222114409.0
008 251222s1900||||xx |||||||||||||| ||spa||
082 _aDVD0070/H12/2004
245 0 _aRay:
942 _cDVD
999 _c1971
_d1971